01189 2200265 4500001002100000005001500021035002000036007000300056008004100059020002200100082001000122084001900132100001600151245005600167250003200223300002700255650002600282700002200308520047100330336002100801337003000822338002300852260003200875990001600907INLIS00000000004305020210820064748 a0010-0821000261ta210820 g 0 ind  a978-623-7910-58-9 a153.4 aSR 153.4 PRA s0 aPramono, Oc14aSeni hidup positif /cOc Pramono; penyunting, Masza aCetakan Pertama, Maret 2021 a224 halaman ;c20,5 cm 4aPikiran dan pemikiran0 aMaszaepenyunting aBerdasarkan pendapat para ahli psikologi dunia bahwa berpikir positif itu sangat bermanfaat bagi hidup kita, kehidupan kita sangat indah dan selalu dilimpahi rasa syukur. Selain itu, orang yang hidup dengan positif akan dipenuhi hal-hal yang membahagiakan dalam hidupnya. Buku ini menyajikan pemaparan yang aplikatif dan mudah dipraktikkan agar kita bisa berpikir positif. Kita juga diajari agar memiliki cara pandang yang lebih baru, lebih kaya, damai, dan bahagia. 2rdacontentateks 2rdamediaatanpa perantara 2rdacarrieravolume aYogyakarta :bAraska,c2021 a48032.60852